[Event "Bashkortostan-ch"]
[Site "Tuimazy"]
[Date "2020.02.10"]
[Round "10"]
[White "Ardashirov, Rustam"]
[Black "Latypov, Ramil"]
[Result "1-0"]
[WhiteElo "1394"]
[BlackElo "1769"]
[PlyCount "75"]
[EventDate "2020.01.26"]
[EventType "tourn"]
[EventRounds "11"]
[EventCountry "RUS"]
[SourceTitle "CBM 195 Extra"]
[Source "ChessBase"]
[SourceDate "2020.05.31"]
[SourceVersion "1"]
[SourceVersionDate "2020.05.31"]
[SourceQuality "1"]

1. e4 c5 2. Nf3 d6 3. d4 cxd4 4. Nxd4 Nf6 5. Nc3 a6 6. Be3 e6 7. f3 Be7 8. Qd2 Nc6 9. 0-0-0 Nxd4 10. Bxd4 e5 11. Be3 Be6 12. h4 Qa5 13. Kb1 0-0 14. Nd5 Qd8 15. Nxe7+ Qxe7 16. Qxd6 Qe8 17. Qb4 Qc6 18. Rd6 Rfd8 19. Rxc6 Rd1+ 20. Bc1 bxc6 21. g3 Nh5 22. Bg2 Rxh1 23. Bxh1 Nxg3 24. Qe1 Nh5 25. Bg2 Nf6 26. Qg3 Nd7 27. Bh6 g6 28. Bh3 Bxh3 29. Qxh3 Rd8 30. Bg5 Nf6 31. Kc1 Rd6 32. Bh6 Rd8 33. Qf1 Nh5 34. Qxa6 Ng3 35. a4 f5 36. Qc4+ Kh8 37. Bg5 Rd4 38. Bf6# 1-0

[Event "Tuimazy-ch"]
[Site "Tuimazy"]
[Date "2019.02.01"]
[Round "5"]
[White "Sakhabutdinov, Dinar"]
[Black "Latypov, Ramil"]
[Result "1/2-1/2"]
[WhiteElo "1422"]
[BlackElo "1767"]
[PlyCount "108"]
[EventDate "2019.01.27"]
[EventType "tourn"]
[EventRounds "11"]
[EventCountry "RUS"]
[SourceTitle "CBM 189 Extra"]
[Source "ChessBase"]
[SourceDate "2019.05.31"]
[SourceVersion "1"]
[SourceVersionDate "2019.05.31"]
[SourceQuality "1"]

1. Nf3 c6 2. g3 d5 3. Bg2 Nf6 4. d3 Nbd7 5. Na3 e5 6. 0-0 Be7 7. c4 0-0 8. Bd2 Re8 9. cxd5 Bxa3 10. bxa3 cxd5 11. Bc3 e4 12. dxe4 dxe4 13. Ng5 h6 14. Bxf6 Qxf6 15. Nxe4 Qe7 16. Qb3 Nb6 17. Qb4 f5 18. Nc3 Qf6 19. f4 Bd7 20. e4 a5 21. Qb3+ Be6 22. Qxb6 Qxc3 23. exf5 Bxf5 24. Qb3+ Qxb3 25. axb3 Re3 26. Bxb7 Rb8 27. Bd5+ Be6 28. Bc4 Bxc4 29. bxc4 Rc3 30. Rfc1 Rbb3 31. c5 Kf7 32. c6 Ke7 33. Rab1 Rxb1 34. Rxb1 Rxc6 35. Rb5 Ra6 36. Kg2 Kd6 37. Kf3 a4 38. Rb4 Ke6 39. g4 Kf6 40. h4 g6 41. g5+ hxg5 42. hxg5+ Ke6 43. Kg4 Ra5 44. Rb6+ Kf7 45. Rf6+ Kg7 46. f5 gxf5+ 47. Rxf5 Rxf5 48. Kxf5 Kf7 49. Ke5 Kg6 50. Kd4 Kxg5 51. Kc4 Kf6 52. Kb4 Ke7 53. Kxa4 Kd7 54. Kb5 Kc8 1/2-1/2

[Event "Tuimazy-ch"]
[Site "Tuimazy"]
[Date "2018.02.11"]
[Round "9"]
[White "Latypov, Ramil"]
[Black "Azhbiev, Usman"]
[Result "0-1"]
[WhiteElo "1813"]
[BlackElo "1474"]
[PlyCount "72"]
[EventDate "2018.01.28"]
[EventType "tourn"]
[EventRounds "11"]
[EventCountry "RUS"]
[SourceTitle "EXT 2019"]
[Source "ChessBase"]
[SourceDate "2018.10.10"]
[SourceVersion "1"]
[SourceVersionDate "2018.10.10"]
[SourceQuality "1"]

1. d4 d5 2. c4 c6 3. Nc3 e6 4. e4 dxe4 5. Nxe4 Bb4+ 6. Bd2 Bxd2+ 7. Qxd2 Nf6 8. Nxf6+ Qxf6 9. Nf3 Nd7 10. Bd3 0-0 11. 0-0 e5 12. Ng5 g6 13. Ne4 Qg7 14. d5 f5 15. Nc3 e4 16. Be2 cxd5 17. cxd5 Nb6 18. Bd1 Qf6 19. Bb3 Kg7 20. f3 exf3 21. Rxf3 Rd8 22. Re1 Nd7 23. Re6 Qf8 24. Ne4 Kh8 25. Rxg6 Ne5 26. Rf4 Nxg6 27. Rf1 Bd7 28. Ng5 Qf6 29. g4 f4 30. Ne4 Qe5 31. Nf2 Nh4 32. Qd1 Qe3 33. Bc4 Bxg4 34. Qa1 Nf3+ 35. Kh1 Ne5 36. b3 Bf3+ 0-1

[Event "Tuimazy-ch"]
[Site "Tuimazy"]
[Date "2018.02.09"]
[Round "8"]
[White "Gafarov, Damir"]
[Black "Latypov, Ramil"]
[Result "1-0"]
[WhiteElo "1891"]
[BlackElo "1813"]
[PlyCount "55"]
[EventDate "2018.01.28"]
[EventType "tourn"]
[EventRounds "11"]
[EventCountry "RUS"]
[SourceTitle "EXT 2019"]
[Source "ChessBase"]
[SourceDate "2018.10.10"]
[SourceVersion "1"]
[SourceVersionDate "2018.10.10"]
[SourceQuality "1"]

1. e4 c5 2. Nf3 d6 3. d4 cxd4 4. Nxd4 Nf6 5. Nc3 a6 6. Be3 e6 7. f3 Be7 8. Qd2 Nc6 9. g4 Nxd4 10. Bxd4 e5 11. Bf2 Be6 12. 0-0-0 h6 13. Kb1 0-0 14. h4 Nd7 15. Be3 Kh7 16. g5 h5 17. f4 exf4 18. Bxf4 Ne5 19. Bxe5 dxe5 20. Qe2 Qa5 21. Qxh5+ Kg8 22. Bh3 Qb6 23. Bxe6 Qxe6 24. Nd5 Rac8 25. Rdg1 Bc5 26. Nf6+ Qxf6 27. gxf6 Bxg1 28. Rxg1 1-0

[Event "Tuimazy-ch"]
[Site "Tuimazy"]
[Date "2018.02.02"]
[Round "5"]
[White "Latypov, Ramil"]
[Black "Makhmutov, Azamat"]
[Result "1-0"]
[WhiteElo "1813"]
[BlackElo "1738"]
[PlyCount "65"]
[EventDate "2018.01.28"]
[EventType "tourn"]
[EventRounds "11"]
[EventCountry "RUS"]
[SourceTitle "EXT 2019"]
[Source "ChessBase"]
[SourceDate "2018.10.10"]
[SourceVersion "1"]
[SourceVersionDate "2018.10.10"]
[SourceQuality "1"]

1. d4 d5 2. c4 e6 3. Nc3 c6 4. Nf3 Nf6 5. Bg5 Be7 6. e3 Nbd7 7. Rc1 Nf8 8. Qd2 Ng6 9. Bxf6 Bxf6 10. b4 a6 11. Be2 Be7 12. a3 a5 13. Qb2 axb4 14. axb4 0-0 15. 0-0 Bd7 16. Rfd1 dxc4 17. Bxc4 Qb6 18. Rb1 Rfd8 19. Qe2 Ra3 20. Rdc1 Rda8 21. b5 c5 22. d5 Nf8 23. e4 Qa5 24. dxe6 Rxc3 25. Rxc3 Qxc3 26. exd7 Nxd7 27. e5 Nb6 28. Bd3 Rd8 29. Be4 Rd7 30. e6 fxe6 31. Ne5 Rc7 32. Qh5 Bf6 33. Qe8# 1-0

[Event "Tuimazy-ch Men"]
[Site "Tuimazy"]
[Date "2017.02.07"]
[Round "9"]
[White "Farkhutdinov, Danil"]
[Black "Latypov, Ramil"]
[Result "0-1"]
[WhiteElo "1416"]
[BlackElo "1824"]
[PlyCount "76"]
[EventDate "2017.01.24"]
[EventType "tourn"]
[EventRounds "11"]
[EventCountry "RUS"]
[SourceTitle "EXT 2022"]
[Source "ChessBase"]
[SourceDate "2021.10.06"]
[SourceVersion "1"]
[SourceVersionDate "2021.10.06"]
[SourceQuality "1"]

1. e4 c5 2. Nf3 d6 3. d4 cxd4 4. Nxd4 Nf6 5. Nc3 a6 6. Bd3 Nc6 7. Nxc6 bxc6 8. Bg5 e5 9. Qf3 Be7 10. Bxf6 Bxf6 11. h3 0-0 12. 0-0 Bb7 13. Rfd1 Qe7 14. Bc4 Rfe8 15. Qd3 d5 16. exd5 e4 17. Qe2 Bxc3 18. bxc3 cxd5 19. Bxd5 Bxd5 20. Rxd5 Qa3 21. Rad1 g6 22. Qc4 Rac8 23. Qb3 Qe7 24. Rd7 Qf6 25. R1d6 Qf4 26. Rd4 Rb8 27. Rb7 Rxb7 28. Qxb7 Rb8 29. Qxb8+ Qxb8 30. Rxe4 Qb1+ 31. Kh2 Qxc2 32. Re8+ Kg7 33. Ra8 Qxa2 34. f3 Qa4 35. Kg3 Qc6 36. Ra7 Qb6 37. Ra8 Qb7 38. Re8 a5 0-1

[Event "Tuimazy-ch Men"]
[Site "Tuimazy"]
[Date "2017.02.06"]
[Round "8"]
[White "Latypov, Ramil"]
[Black "Makhmutov, Azamat"]
[Result "0-1"]
[WhiteElo "1824"]
[BlackElo "1684"]
[PlyCount "90"]
[EventDate "2017.01.24"]
[EventType "tourn"]
[EventRounds "11"]
[EventCountry "RUS"]
[SourceTitle "EXT 2022"]
[Source "ChessBase"]
[SourceDate "2021.10.06"]
[SourceVersion "1"]
[SourceVersionDate "2021.10.06"]
[SourceQuality "1"]

1. d4 Nf6 2. c4 g6 3. Nc3 Bg7 4. e4 d6 5. Nf3 0-0 6. Be3 Nbd7 7. Be2 c5 8. 0-0 Qc7 9. Qd2 cxd4 10. Bxd4 a6 11. Rac1 Nc5 12. Nd5 Qd8 13. Qc2 Ncxe4 14. Rfd1 Bg4 15. Nxf6+ Nxf6 16. h3 Bf5 17. Qb3 Qd7 18. c5 d5 19. Ne5 Qc7 20. c6 b5 21. g4 Bc8 22. g5 Ne4 23. Qxd5 Nxg5 24. Nd7 Nxh3+ 25. Kf1 Qh2 26. Ke1 Nf4 27. Qf3 Ng2+ 28. Kd2 Bh6+ 29. Be3 Nxe3 30. fxe3 Rd8 31. Kc2 Qc7 32. Kb1 Bxd7 33. cxd7 Qa7 34. Rf1 f6 35. Qd5+ Kg7 36. Rfd1 Bxe3 37. Rc6 Bg5 38. Qe6 Qe3 39. Qxe3 Bxe3 40. Re6 Bc5 41. Bf3 Ra7 42. Bc6 Rc7 43. a4 Kf7 44. axb5 Kxe6 45. bxa6 Rxc6 0-1

[Event "Tuimazy-ch"]
[Site "Tuimazy"]
[Date "2016.02.09"]
[Round "12"]
[White "Makhmutov, Azamat"]
[Black "Latypov, Ramil"]
[Result "0-1"]
[WhiteElo "1508"]
[BlackElo "1809"]
[PlyCount "72"]
[EventDate "2016.01.19"]
[EventType "tourn"]
[EventRounds "13"]
[EventCountry "RUS"]
[SourceTitle "CBM 170 Extra"]
[Source "ChessBase"]
[SourceDate "2016.02.25"]
[SourceVersion "1"]
[SourceVersionDate "2016.02.25"]
[SourceQuality "1"]

1. e4 c6 2. d4 d5 3. e5 Bf5 4. c3 e6 5. Nf3 Ne7 6. Bg5 h6 7. Bh4 Qb6 8. Qb3 Nd7 9. Nbd2 c5 10. Qxb6 axb6 11. Be2 Nc6 12. 0-0 g5 13. Bg3 g4 14. Ne1 cxd4 15. cxd4 Nxd4 16. Bd3 Bxd3 17. Nxd3 Ne2+ 18. Kh1 Nxg3+ 19. hxg3 Bg7 20. Rfe1 Ke7 21. f4 h5 22. Nb3 h4 23. Kh2 h3 24. Nf2 hxg2+ 25. Kxg2 f6 26. Nxg4 fxe5 27. Nxe5 Nxe5 28. fxe5 Rh5 29. a3 Bxe5 30. Rab1 Rg8 31. Re3 Rhg5 32. Kf2 Bxg3+ 33. Ke2 Bf4 34. Rf3 Rg2+ 35. Kd3 e5 36. Rff1 R8g3+ 0-1